000 00333pab a2200157 454500
008 180718b2001 xxu||||| |||| 00| 0 eng d
100 _aSen, Sankar
245 _aPolice in peril
260 _c2001
300 _ap.8
362 _a13 May
650 _aPolice - India
650 _aPolice
773 _aStatesman
909 _a49590
999 _c49590
_d49590